000
00305 a2200145 4500
001
180139
020
_a
040
_c
Magnum
100
_a
Rector, Monica
240
1
0
_a
Bimba pensa na fazenda
_l
por
245
1
0
_a
Bimba pensa na fazenda
362
0
_a
1899
697
_a
MAGNITO: IJ/GERAL
942
_c
BK
999
_c
180139
_d
180139